| 000 | 00686nam a2200229 a 4500 | ||
|---|---|---|---|
| 008 | |||
| 020 | _a9780435075088 (pbk.) | ||
| 049 | _aMAIN | ||
| 090 |
_aTJ159 _bPER |
||
| 245 | 1 | 0 |
_aPerforming engineering operations / _cTerry Grimwood, ...[et al]. |
| 260 |
_aEdinburgh Gate : _bPearson Education, _c2012. |
||
| 300 |
_aviii, 280 p. : _bcol. ill. : _c28 cm. |
||
| 500 | _aIncludes index. | ||
| 650 | _aEngineering operations. | ||
| 650 |
_aEngineering _xGeneral works. |
||
| 700 | _aGrimwood, Terry. | ||
| 907 |
_a.b10353598 _b27-01-15 _c22-01-15 |
||
| 003 | |||
| 005 | 20230123122134.0 | ||
| 040 | _cNUST | ||
| 942 |
_cBOOKS _kTJ159 _mPER |
||
| 999 |
_c128463 _d128463 |
||